KOHA-Header-6

The EFU SAGA The Making of an Institution (Record no. 7724)

000 -LEADER
fixed length control field 00279nam a2200109Ia 4500
100 ## - MAIN ENTRY--AUTHOR NAME
Personal name W. Karnowski
245 #4 - TITLE STATEMENT
Title The EFU SAGA The Making of an Institution
260 ## - PUBLICATION, DISTRIBUTION, ETC. (IMPRINT)
Place of publication Lahore
Name of publisher Prentice Hall
Year of publication 2001
300 ## - PHYSICAL DESCRIPTION
Number of Pages 510
942 ## - ADDED ENTRY ELEMENTS (KOHA)
Koha item type Books
Holdings
Withdrawn status Lost status Permanent Location Current Location Date acquired Full call number Accession Number Koha item type
    MAJU MAJU 2019-09-12 954.035 1790 Books

Powered by Koha